| 000 | 01706cam a22004457a 4500 | ||
|---|---|---|---|
| 003 | CHAP | ||
| 005 | 20220329142754.0 | ||
| 008 | 030825s2003 mx r 00010 spa d | ||
| 010 | _a87592 | ||
| 011 | _a88564 | ||
| 035 | _a99109 | ||
| 040 | _cCHAP | ||
| 090 | _aTesis | ||
| 100 | 0 | 0 |
_aGonzález Guerra, Carlos Enrique. _949001 |
| 245 | 1 | 0 |
_aAnálisis de la producción y rentabilidad del nopal tunero (Opuntia spp) en el DDR 074, Zumpango, Estado de México _c/por Carlos Enrique González Guerra |
| 260 |
_aChapingo, Méx. : _bEl autor, _c2003. |
||
| 300 | _a120 h. | ||
| 502 | _aTesis (Ing. Agr. Esp. en Fitotecnia) -- UACH. Departamento de Fitotecnia | ||
| 530 | _aTambién disponible en línea | ||
| 590 |
_aALEPH _b10 _c20130110 _lUCH01 _h1455 |
||
| 590 |
_aBATCH-UPD _b10 _c20130110 _lUCH01 _h0057 |
||
| 590 |
_aBATCH-UPD _b10 _c20130110 _lUCH01 _h0625 |
||
| 590 |
_aBATCH-UPD _b10 _c20130409 _lUCH01 _h2046 |
||
| 590 |
_aBATCH-UPD _b10 _c20130410 _lUCH01 _h0911 |
||
| 590 |
_aBATCH-UPD _b10 _c20130914 _lUCH01 _h1209 |
||
| 590 |
_aBATCH-UPD _b10 _c20140324 _lUCH01 _h1440 |
||
| 590 |
_aBATCH-UPD _b10 _c20141002 _lUCH01 _h0819 |
||
| 590 |
_aCONVERSION _b10 _c20130109 _lUCH01 _h1349 |
||
| 650 | 1 | 4 |
_aDistrito de Riego Zumpango , Edo. de México. _932959 |
| 650 | 1 | 4 |
_aNopal _xCostos de producción. _981661 |
| 650 | 1 | 4 |
_aNopal _xProducción. _981692 |
| 650 | 1 | 4 |
_aNopal _zMéxico (Edo.). _981709 |
| 650 | 1 | 4 |
_aOpuntia. _983387 |
| 856 |
_3Finding aid _uhttp://10.13.5.2/tesis/99109.pdf _zTeclea aqui |
||
| 901 | _aBK | ||
| 905 | _aAlejandra Carrasco M. | ||
| 942 | _cFOLL | ||
| 949 |
_aTesis _bBC _cTES _d33724000898466 _eTS2 _fc.2 _h41284 _i99109 _si |
||
| 949 |
_aTesis _bBC _cTES _d991091 _eTS1 _h41283 _i99109 _sb |
||
| 999 |
_c87592 _d87592 |
||